000 00742nam a22001937a 4500
008 090209t xxu||||| |||| 00| 0 eng d
010 _aENG-92908
020 _c80.00
_a9788190621267
035 _aEN-76441
037 _bDBAD / PUB
040 _adpl
_bEnglish
082 _a324.2175
245 _aA basic understanding of the communist party
260 _aLucknow
_bRahul Foundation
_c2008
270 _a69, Baba Ka Purwa, Paper Mill Road, Nishatgunj,
_bLucknow
_e226006
300 _a255p.
_c21cm (pbk)
942 _2ddc
_cEN
_mBAS
_h324.2175
999 _c23262
_d23262